1208 1025 1817 1360 1963 1343 1329 1605 1767 1914 1306 1000 1161 1501 1497 1147 1879 1033 1319 1503 1926 1625 1051 1936 1925 1336 1119 1533 1932 1196 1159 1134 1516 1734 1562 1117 1083 1742 1973 1955 1527 1128 1628 1927 1695 1989 1466 1893 1291 1818 1864 1340 1677 1082 1760 1546 1327 1933 1335 1515 1983 1884 1626 1431 1403 1770 1183 1213 1192 1510 1333 1239 1729 1616 1030 1093 1633 1462 1754 1175 1142 1424 1054 1186 1933 1200 1751 1926 1611 1544 1672 1655 1615 1563 1010 1526 1682 1478 1587 BCNSPRNW ULIB Ver.6.0+V

เปลี่ยนเป็นภาษาไทย

Change to English
 แสดงรายละเอียดบรรณานุกรม
  กลับหน้าหลัก

Brief Record : Get Marc (ISO 2709) : E-mail record : QR code < ปิดหน้าต่าง
LEADER : 00000nam 2200000uu 4500
001    13399112332
003     ULIB
008    110627s||||||||th 000 0 tha d
020    9786160603282
090    นว.^bT111E มปป.
100 0  The Little Finger
245 00 Evil Queen s Fairy Tale...เหวี่ยงร้ายให้หัวใจตกหลุมรัก/^cThe Little Finger
260    กรุงเทพฯ :^bแจ่มใส,^cมปป.
300    249 หน้า
710 1  แจ่มใส
945    ^p179^l0^i030399
995    ทศพร
999 ^a ใช้งานได้ทุกระบบ
รายการนี้ยังไม่มีแท็ก
คุณยังไม่ได้ล็อกอิน คุณสามารถมีกิจกรรมร่วมกับเว็บไซต์ได้ แต่ต้องล็อกอินก่อน ::
  ล็อกอิน

รายการสื่อสารสนเทศ

ลำดับที่ ประเภท เลขเรียก/บาร์โค้ด สถานที่ สถานะ
- ไม่พบข้อมูล -

รายการใกล้เคียง
    ผู้แต่ง [The Little Finger]

BibComment


ยังไม่เคยถูกคอมเมนท์

คอมเมนท์ทรัพยากรรายการนี้
  คอมเมนท์: Evil Queen s Fair..


 Copyright 2026. Bcnsprnw @Library